[Event "75. LJUBLJANSKA LIGA 2023"]
[Site " gostovanja"]
[Date "2023.03.23"]
[Round "9.3"]
[White "Smirnov, Maksim"]
[Black "Jancigaj, Saso Valentin"]
[Result "1-0"]
[WhiteElo "1405"]
[BlackElo "1683"]
[PlyCount "108"]
[EventDate "2023.03.23"]
[WhiteTeam "SS TOMO ZUPAN KRANJ"]
[BlackTeam "SK VISNJA GORA - STICNA"]

1. d4 f5 2. Nf3 Nf6 3. Bf4 d5 4. e3 e6 5. Be2 Bd6 6. Bg3 Ne4 7. Nbd2 Nc6 8. c4
Bb4 9. a3 Bxd2+ 10. Nxd2 O-O 11. Nxe4 fxe4 12. b4 Ne7 13. O-O c6 14. Qc2 Ng6
15. b5 Bd7 16. bxc6 Bxc6 17. Bh5 Qg5 18. Bxg6 Qxg6 19. a4 a6 20. c5 h5 21. f3
Rf5 22. fxe4 dxe4 23. Rf4 Rxf4 24. Bxf4 Rf8 25. Bd6 Rf3 26. Bf4 Rh3 27. Kh1 Rh4
28. Qf2 Qf6 29. h3 Rxf4 30. Qxf4 Qf5 31. Qxf5 exf5 32. h4 Kf7 33. Kh2 Kg6 34.
Kg3 Kf6 35. Kf4 a5 36. Rb1 Ke6 37. Rc1 Kf6 38. g3 Ke6 39. Kg5 Kf7 40. Rb1 Kg8
41. d5 Bxd5 42. Rb5 Kf7 43. Rxa5 Bc6 44. Rb5 Ke6 45. Rb4 Kd5 46. Kg6 Kxc5 47.
Rd4 Kb6 48. Kxh5 Ka5 49. Kg5 Bxa4 50. h5 b5 51. h6 b4 52. Rxb4 Kxb4 53. h7 Bd1
54. h8=Q Bg4 {nejasno (60)} 1-0

[Event "75. LJUBLJANSKA LIGA 2023"]
[Site " gostovanja"]
[Date "2023.03.23"]
[Round "9.4"]
[White "Kamensek, Ivan"]
[Black "Demsar, Maks"]
[Result "0-1"]
[WhiteElo "1676"]
[BlackElo "1442"]
[PlyCount "66"]
[EventDate "2023.03.23"]
[WhiteTeam "SK VISNJA GORA - STICNA"]
[BlackTeam "SS TOMO ZUPAN KRANJ"]

1. d4 Nf6 2. c4 c5 3. d5 b5 4. Nf3 Qa5+ 5. Bd2 b4 6. Qc2 g6 7. e4 d6 8. Be2 Bg7
9. a3 O-O 10. O-O Nbd7 11. Ra2 Rb8 12. b3 Qc7 13. axb4 cxb4 14. Be3 a5 15. Nd4
Nc5 16. Nd2 Bd7 17. f4 a4 18. bxa4 Bxa4 19. N4b3 Bxb3 20. Nxb3 Nfxe4 21. Nxc5
Nxc5 22. g3 Qb6 23. Kg2 Ra8 24. Bxc5 dxc5 25. Rb1 Rfb8 26. Bd1 Qf6 27. Rb3 Qd4
28. Rxa8 Rxa8 29. Qe2 Ra1 30. Bc2 Ra2 31. Kh3 Bf6 32. Kg2 Qa1 33. Rb1 Qxb1 0-1